=LDR 00000nam 2200000 4500 =001 INLIS000000000008094 =005 20130612100014 =008 ***********************************ind** =035 ##$$0010-061300000008094 =041 ##$$a ind =082 ##$$a 633.83 =090 ##$$a 633.83, Ris k =100 ##$$a Rismunandar =245 ##$$a Kayu manis, Rismunandar =260 ##$$a 1995 $b Jakarta =300 ##$$a x, 103 hlm, ilus, 21 cm =650 ##$$a Kayu manis =850 ##$$a NBPNMAT